Fundamentos de mercadotecnia

Сохранить в:
Библиографические подробности
Главные авторы: Kotler, Philip (Автор), Armstrong, Gary (Автор)
Формат:
Язык:испанский
Опубликовано: Ciudad de México Prentice Hall Hispanoamerica 1998
Редактирование:4a. ed
Предметы:
Метки: Добавить метку
Нет меток, Требуется 1-ая метка записи!

MARC

LEADER 00000nam a2200000 a 4500
001 UCP4754
003 CL-VaPUC
008 990813e19980000MX |||||||||||||||||spa|d
020 |a 9688809489 
082 0 4 |a 658.8  |b KOT  |2 21 
100 |a Kotler, Philip  |e author  |9 578348 
700 0 |a Armstrong, Gary  |e author  |9 432617 
245 1 0 |a Fundamentos de mercadotecnia 
250 |a 4a. ed 
300 |a 585 p 
942 |c BK 
945 |d 19990813 00:00:00  |a vberengu 
260 |a Ciudad de México  |b Prentice Hall Hispanoamerica  |c 1998 
650 0 |a Canales de comunicación  |9 337811 
650 0 |a Comercialización   |9 259326 
650 0 |a Consumidores  |9 315658 
650 0 |a Análisis de mercado   |9 260838 
650 0 |a Planificación estratégica   |9 259735 
650 0 |a Responsabilidad social  |9 339076 
650 0 |a Sistemas de información   |9 260286 
583 |a last modification  |c 19990813 00:00:00  |k Rodrigo Vera 
999 |c 282652  |d 282650 
952 |0 0  |1 0  |4 0  |6 658_800000000000000_KOT_1998  |7 0  |8 A  |9 324709  |a BIBENE  |b BIBENE  |d 2019-11-20  |i 3546098  |o 658.8 KOT 1998  |p 3546098  |r 2025-01-15  |w 2019-11-20  |y BK  |k ICO 
952 |0 0  |1 0  |4 0  |6 658_800000000000000_KOT_1998  |7 0  |8 A  |9 324711  |a BIBING  |b BIBING  |d 2019-11-20  |i 3563243  |o 658.8 KOT 1998  |p 3563243  |r 2025-01-20  |w 2019-11-20  |y BK  |k ING 
952 |0 0  |1 0  |4 0  |6 658_800000000000000_KOT_1998  |7 0  |8 A  |9 324712  |a BIBING  |b BIBING  |d 2019-11-20  |i 3859363  |o 658.8 KOT 1998  |p 3859363  |r 2025-01-20  |w 2019-11-20  |y BK  |k TRA 
952 |0 0  |1 0  |4 0  |6 658_800000000000000_KOT_1998  |7 0  |8 A  |9 324713  |a BIBENE  |b BIBENE  |d 2019-11-20  |i 4170997  |o 658.8 KOT 1998  |p 4170997  |r 2025-01-15  |w 2019-11-20  |y BK  |k ICO